000 00636nam a2200229 i 4500
001 C2-0087667
003 PPAK
005 20180727091402.0
008 970506s1960 si |||| ||||| | eng d
040 _aPPAK
_beng
_cPPAK
_erda
082 0 4 _a305.89510595
_223
090 0 0 _a305.89510595
_bPUR
_dKWI
100 1 _aPurcell, Victor,
_eauthor
245 1 4 _aThe Chinese in modern Malaya
264 1 _aSingapore :
_bEastern Universities Press ,
_c1960
300 _a67 pages ;
_c22 cm
336 _2rdacontent
_atext
337 _2rdamedia
_aunmediated
338 _2rdacarrier
_avolume
650 1 0 _aChinese - Malaysia
942 _ddc
_cB
999 _c18149
_d18149